00314nam a2200145Ia 4500100001700000650002300017250000600040366000700046654001100053245002300064260003400087082001400121300000800135546002500143 aBose/Ranjan  ainformation theory a2 f25 acoding aInformation theory bOxford Higher Educationc2014 a5.82bBOS a326 aENGLISHcelectronics